000 00400nam a2200133 a 4500
001 000048723
005 20201002061346.0
008 190410s2000 dr a r 000 spa d
040 _aDO-SdBNP
_bspa
_cBNPHU
082 _axxx
_bF723
245 0 _aFormación vial para un país menos contaminado.
260 _a[Santo Domingo] :
_bFundación Cuidemos el Planeta,
_c2000.
300 _a16 p. :
_bil. ;
_c22 cm.
999 _c48211
_d48211